000 00620nam a2200217 a 4500
001 17952
003 CO-ViMGA
008 141112s2004 ck r 000 u spa d
020 _a8484520129
040 _aCO-ViMGA
_bspa
_cCO-ViMGA
082 0 4 _a662.2 Q845m
100 1 _aQuintana, Eva
_925414
245 1 0 _aLas Minas antipersona . Enemigas de la vida
260 _aBarcelona (España),
_cIntermon,
_c2000
300 _a69.p.
590 _aForma de adquisición : Premio - Mincultura
650 1 4 _aEXPLOSIVOS
_925415
650 1 4 _aMINAS ANTIPERSONALES
_97559
650 1 4 _aMINAS QUIEBRAPATAS
_916817
942 _2ddc
_cBK
999 _c27349
_d27349